Good Graces - Sabrina Carpenter (All Lyrics) - Statistics

General Stats
  • This quiz has been taken 71 times
  • The average score is 288 of 349
Answer Stats
Lyrics % Correct
I
100%
you,
100%
You
100%
you
100%
a
98%
good
96%
graces
96%
like
93%
Like,
93%
no
93%
No,
93%
no,
93%
in
91%
it
91%
my
91%
should
91%
So
91%
so
91%
that
91%
That
91%
complicated
89%
do
89%
Don't
89%
don't
89%
stay
89%
an
87%
fuck
87%
give
87%
into
87%
it's
87%
not
87%
up
87%
about
85%
Boy,
85%
lovin'
85%
amazin'
83%
at
83%
At
83%
fast
83%
on
83%
some
83%
switch
83%
And
80%
and
80%
'Cause
80%
love
80%
more
80%
one's
80%
turnin'
80%
was
80%
won't
80%
hatred
78%
me
78%
of
78%
cute
76%
I'm
76%
somethin'
76%
advice
74%
bye-
74%
bye
74%
I'll
74%
When
74%
angel
72%
guys
72%
let
72%
second,
72%
sus,
72%
sweet
72%
waste
72%
ass
70%
heart
70%
lots
70%
your
70%
know
67%
being
65%
Oh,
65%
Oh
65%
really
65%
suspect,
65%
mine?
63%
say
63%
With
63%
Drawin'
61%
for
61%
movin'
61%
this
61%
cradles
59%
rockin'
59%
dreamin'
59%
hearts
59%
names
59%
the
59%
Baby,
57%
kiss
57%
mistake
57%
ooh
57%
our
57%
'round
57%
favorite
54%
nice
54%
swear
54%
athlete
52%
Yeah
50%
Break
48%
naive
48%
need
48%
Or
48%
tell
48%
world
48%
every
46%
chores
43%
finish
43%
other
43%
Want
43%
prematurely
41%
vows,
41%
writing
41%
night
39%
shot
37%
cool
35%
Shoot
30%
his
26%
No matching quizzes found
Score Distribution
Percent of People with Each Score
Percentile by Number Answered
Your Score History
You have not taken this quiz